La vida cotidiana en la España del siglo XVIII / (Registro nro. 230202)

Detalles MARC
000 -LEADER
fixed length control field 02155nam a2200397Ii 4500
001 - CONTROL NUMBER
control field DIGSLX2017
003 - CONTROL NUMBER IDENTIFIER
control field NyNyDIG
006 - FIXED-LENGTH DATA ELEMENTS--ADDITIONAL MATERIAL CHARACTERISTICS
fixed length control field m o d
007 - PHYSICAL DESCRIPTION FIXED FIELD--GENERAL INFORMATION
fixed length control field cr |||||||||||
008 - FIXED-LENGTH DATA ELEMENTS--GENERAL INFORMATION
fixed length control field 100625s2009 sp a o 000 0 spa d
020 ## - INTERNATIONAL STANDARD BOOK NUMBER
Canceled/invalid ISBN 9788477372356
020 ## - INTERNATIONAL STANDARD BOOK NUMBER
Canceled/invalid ISBN 8477372357
035 ## - SYSTEM CONTROL NUMBER
System control number (OCoLC)854553656
040 ## - CATALOGING SOURCE
Original cataloging agency DGITA
Language of cataloging eng
Description conventions pn
Transcribing agency DGITA
043 ## - GEOGRAPHIC AREA CODE
Geographic area code e-sp---
050 14 - LIBRARY OF CONGRESS CALL NUMBER
Classification number DP192.5 eBook
245 03 - TITLE STATEMENT
Title La vida cotidiana en la España del siglo XVIII /
Statement of responsibility, etc. Manuel-Reyes García Hurtado (ed.).
264 #1 - PRODUCTION, PUBLICATION, DISTRIBUTION, MANUFACTURE, AND COPYRIGHT NOTICE
Place of production, publication, distribution, manufacture Madrid :
Name of producer, publisher, distributor, manufacturer Sílex,
Date of production, publication, distribution, manufacture, or copyright notice c2009.
300 ## - PHYSICAL DESCRIPTION
Extent 1 online resource (234 pages) :
Other physical details ill.
336 ## - CONTENT TYPE
Content type term text
Content type code txt
Source rdacontent
337 ## - MEDIA TYPE
Media type term computer
Media type code c
Source rdamedia
338 ## - CARRIER TYPE
Carrier type term online resource
Carrier type code cr
Source rdacarrier
490 1# - SERIES STATEMENT
Series statement Sílex universidad.
504 ## - BIBLIOGRAPHY, ETC. NOTE
Bibliography, etc. note Includes bibliographical references.
505 0# - FORMATTED CONTENTS NOTE
Formatted contents note Presentación / Manuel-Reyes García Hurtado -- 1. La alimentación cotidiana en la España del siglo xviii / María de los Ángeles Pérez Samper -- 2. "Un gran palacio abandonado". La España urbana del Siglo de las Luces / Juan E. Gelabert -- 3. Fiestas y ceremonias políticas en Galicia en el siglo xviii / Roberto J. López -- 4. Civilización y brutalización del crimen en una España de Ilustración / Tomás A. Mantecón Movellán -- 5. Entre paños y algodones: petimetres y castizas. ¿"La nueva moda en el arca se vende"? / Máximo García Fernández -- 6. Persiguiendo un sujeto esquivo: vida y obra de una escritora del siglo xviii / Mónica Bolufer Peruga -- 7. Las condiciones materiales de vida en el mundo rural gallego del siglo xviii / Hortensio Sobrado Correa -- 8. Vidas militares en el Siglo de la Razón / Manuel-Reyes García Hurtado
651 #0 - SUBJECT ADDED ENTRY--GEOGRAPHIC NAME
Geographic name Spain
General subdivision Social life and customs
Chronological subdivision 18th century.
651 #0 - SUBJECT ADDED ENTRY--GEOGRAPHIC NAME
Geographic name Spain
General subdivision History
Chronological subdivision 18th century.
655 #0 - INDEX TERM--GENRE/FORM
Genre/form data or focus term Electronic books.
700 1# - ADDED ENTRY--PERSONAL NAME
Personal name García Hurtado, Manuel-Reyes.
791 2# -
-- Digitalia (Firm),
-- distributor.
793 0# -
-- Digitalia eBook Collection:
-- Sílex.
830 #0 - SERIES ADDED ENTRY--UNIFORM TITLE
Uniform title Sílex universidad.
856 40 - ELECTRONIC LOCATION AND ACCESS
Materials specified Digitalia Hispánica
Uniform Resource Identifier <a href="https://www.digitaliapublishing.com/a/1392/">https://www.digitaliapublishing.com/a/1392/</a>
910 ## - USER-OPTION DATA (OCLC)
User-option data Premium Collection: 2007-2012
942 ## - ADDED ENTRY ELEMENTS (KOHA)
Koha item type Recurso Electrónico
Existencias
Withdrawn status Lost status Damaged status Not for loan Collection Home library Current library Date acquired Total checkouts Date last seen Price effective from Koha item type
        Digitalia Ebooks Hispanica Biblioteca Digital UIN Biblioteca Digital UIN 04/25/2025   04/25/2025 04/25/2025 Recurso Electrónico

CONTACTO


NOSOTROS


SITIOS DE INTERES

coordinacion.biblioteca.biblioteca@unienlinea.mx Misión, Visión y Objetivos Bases de datos
Directorio Bibliotecas Digitales y Repositorios
Normatividad Revistas y artículos
Convenios interbibliotecarios
Boletines



Hecho en México. Universidad Insurgentes (UIN). Todos los derechos reservados 2024. Esta página y sus contenidos pueden ser reproducidos con fines no lucrativos, siempre y cuando no se mutile, se cite la fuente completa y su dirección electrónicas. De otra forma requiere permiso previo por escrito de la institución




2024 Copyright Universidad Insurgentes | www.bibliouin.com.mx